Bayern München - Bundesliga-Rekordtorschützen (TOP 50) - Statistiken

Allgemein
  • Dieses Quiz wurde 325 mal gespielt
  • Das Durchschnittsergebnis liegt bei 26 aus 50
Antwortstatistiken
Platz Name Nation Geburtstag Spiele Tore % Korrekt
2 Robert Lewandowski Polen 21.08.1988 253 238
100%
1 Gerd Müller Deutschland 03.11.1945 427 365
99%
4 Thomas Müller Deutschland 13.09.1989 440 144
99%
7 Arjen Robben Niederlande 23.01.1984 201 99
96%
12 Franck Ribéry Frankreich 07.04.1983 273 86
94%
9 Claudio Pizarro Peru / Italien 03.10.1978 224 87
89%
8 Giovane Elber Brasilien 23.07.1972 169 92
84%
19 Serge Gnabry Deutschland / Elfenbeinküste 14.07.1995 154 59
84%
3 Karl-Heinz Rummenigge Deutschland 25.09.1955 310 162
81%
26 Michael Rummenigge Deutschland 03.02.1964 152 44
81%
11 Uli Hoeneß Deutschland 05.01.1952 239 86
79%
6 Dieter Hoeneß Deutschland 07.01.1953 224 102
78%
28 Luca Toni Italien 26.05.1977 60 38
77%
16 Mario Gómez Deutschland / Spanien 10.07.1985 115 75
77%
34 Mario Mandzukic Kroatien 21.05.1986 54 33
76%
29 Kingsley Coman Frankreich / Guadeloupe 13.06.1996 180 37
75%
24 Bastian Schweinsteiger Deutschland 01.08.1984 342 45
74%
13 Lothar Matthäus Deutschland 21.03.1961 302 85
74%
15 Roy Makaay Niederlande 09.03.1975 129 78
71%
45 Miroslav Klose Deutschland 09.06.1978 98 24
70%
49 Jamal Musiala Deutschland / England 26.02.2003 88 22
68%
27 Franz Beckenbauer Deutschland 11.09.1945 396 44
65%
44 Joshua Kimmich Deutschland 08.02.1995 232 25
63%
10 Mehmet Scholl Deutschland / Türkei 16.10.1970 334 87
63%
43 Leon Goretzka Deutschland 06.02.1995 122 25
58%
14 Paul Breitner Deutschland 05.09.1951 255 83
55%
38 Hasan Salihamidzic Bosnien-Herzegowina / Deutschland 01.01.1977 234 31
54%
37 Roque Santa Cruz Paraguay / Spanien 16.08.1981 155 31
54%
33 Stefan Effenberg Deutschland 02.08.1968 160 34
52%
23 Carsten Jancker Deutschland 28.08.1974 143 48
48%
36 Jürgen Klinsmann Deutschland 30.07.1964 65 31
48%
25 Michael Ballack Deutschland 26.09.1976 107 44
43%
21 Alexander Zickler Deutschland 28.02.1974 214 52
36%
22 Klaus Augenthaler Deutschland 26.09.1957 404 52
32%
48 Mario Götze Deutschland 03.06.1992 73 22
31%
5 Roland Wohlfarth Deutschland 11.01.1963 254 120
27%
17 Franz Roth Deutschland 27.04.1946 322 72
25%
47 Thomas Helmer Deutschland 21.04.1965 191 24
23%
50 Sören Lerby Dänemark 01.02.1958 89 22
21%
31 Christian Ziege Deutschland 01.02.1972 185 36
18%
39 Olaf Thon Deutschland 01.05.1966 148 30
14%
46 Thomas Strunz Deutschland 25.04.1968 156 24
11%
30 Bernd Dürnberger Deutschland 17.09.1953 375 37
9%
40 Bruno Labbadia Deutschland 08.02.1966 82 28
9%
41 Christian Nerlinger Deutschland 21.03.1973 156 27
9%
42 Jürgen Wegmann Deutschland 31.03.1964 58 25
9%
18 Rainer Ohlhauser Deutschland 06.01.1941 160 64
9%
20 Dieter Brenninger Deutschland 16.02.1944 190 59
8%
32 Hans Pflügler Deutschland 27.03.1960 277 36
7%
35 Kurt Niedermayer Deutschland 25.11.1955 145 32
3%
Keine übereinstimmenden Quizze gefunden
Verteilung der Resultate
Anzahl Personen mit jedem Resultat
Perzentil nach korrekt beantworteten Fragen
Ihre Resultats-Entwicklung
Sie haben dieses Quiz noch nicht gespielt